| 000 | 00984cab a2200301 4500 | ||
|---|---|---|---|
| 001 | WB3112-29 | ||
| 008 | 090401t1995 xxu||||| |||| 00| 0 eng d | ||
| 035 | _a(Sirsi) u35803 | ||
| 041 | _aeng | ||
| 245 | 4 | _aThe Property Wave | |
| 260 | _c1995 | ||
| 350 | _a0 | ||
| 490 |
_aIndependent _v18 March 1995, 39(1) |
||
| 520 | _aExamines The Property Wave, a software package accessible via the Internet; potential buyers can call up areas of interest, receive a list of properties available, access details and pictures and send an e-mail to fix up viewing appointments. | ||
| 650 | _aCOMPUTER SYSTEMS | ||
| 650 | _aESTATE AGENTS | ||
| 650 | _aINTERNET | ||
| 650 | _aJONAS CHRISTOPHER | ||
| 650 | _aLANE MIKE | ||
| 650 | _aPROPERTY IN THE YEAR 2000 | ||
| 650 | _aPROPERTY SALES | ||
| 650 | _aSAVILLS | ||
| 650 | _aSPYER AND DOVE | ||
| 650 | _aPROPERTY WAVE | ||
| 690 | _aMANAGEMENT-BUSINESS MANAGEMENT-INFORMATION MANAGEMENT | ||
| 942 | _n0 | ||
| 948 | _c04/03/1997 | ||
| 999 |
_c23410 _d23410 |
||